Účtovníctvo ako zdroj informácií pre riadenie podniku diplomová práca

Guardado en:
Detalles Bibliográficos
Autor principal: Barčíková, Soňa
Autor Corporativo: Fakulta hospodárskej informatiky EU. Katedra účtovníctva a audítorstva
Otros Autores: Szász, Marek
Formato: Libro
Lenguaje:eslovaco
Publicado: Bratislava 2015
Etiquetas: Agregar Etiqueta
Sin Etiquetas, Sea el primero en etiquetar este registro!

MARC

LEADER 00000nbm a2200000 4500
001 0203525
005 20161212112843.5
041 0 |a slo 
044 |a SK 
245 1 0 |a Účtovníctvo ako zdroj informácií pre riadenie podniku  |b diplomová práca  |c Soňa Barčíková ; školiteľ: Marek Szász 
264 1 |a Bratislava  |c 2015 
300 |a 69 s. 
100 1 |a Barčíková, Soňa 
700 1 |a Szász, Marek 
710 2 |a Fakulta hospodárskej informatiky EU. Katedra účtovníctva a audítorstva